| 000 | 00834nam a2200265#a 4500 | ||
|---|---|---|---|
| 001 | 02435 | ||
| 003 | HDC | ||
| 007 | ta | ||
| 008 | 230623s2015 xx 000 0 eng d | ||
| 040 | _aHDC | ||
| 050 |
_aQW805 _b.I46 2015 |
||
| 245 | 0 |
_aIMMUNISATION CONTROVERSIES : _bWhat You Really Need to Know / _cedited by Dato' Dr Musa Mohd Nordin, Dr Siti Aisyah Ismail and Chan Li Jin @ Ahaddaniah |
|
| 264 |
_aMalaysia : _bBrightside Solutions Sdn Bhd, _c2015 |
||
| 300 |
_a217 pages : _b illustration ; _c 20 cm. |
||
| 650 | _aImmunization. | ||
| 650 | _aVaccine. | ||
| 700 |
_a Siti Aisyah Ismail, _cDr, _eeditor. |
||
| 700 |
_a Siti Aisyah Ismail, _cDr, _eeditor. |
||
| 700 |
_aChan, Li Jin _eeditor. |
||
| 700 |
_aMusa Mohd Nordin, _cDato' Dr, _eeditor. |
||
| 942 | _2lcc | ||
| 942 | _cBK | ||
| 942 | _kQW805 | ||
| 942 | _m.I46 2015 | ||
| 999 |
_c23994 _d23994 |
||